000 00398nam a2200133Ia 4500
008 220328t2018||||xx |||||||||||||| ||spa||
020 _a978-9929-702-20-2
040 _aODONTO
_bspa
_cODONTO
_dODONTO
041 _aspa
082 _aC.E. 305.42 M816
100 _aMonzon M, Ana Silvia, comp.
_91111
245 0 _aAbriendo brechas, enfrentando muros y avizorando futuros
260 _aGuatemala
_bCEFEM
_c2018
999 _c382
_d382